000 00518nam a2200217Ia 4500
003 OSt
005 20220928142318.0
006 a|||||r|||| 00| 0
007 ta
008 220927b |||||||| |||| 00| 0 eng d
024 _a19031
037 _cTextual
040 _aSDCL
_cSDCL
_beng
041 _2eng
_aeng
082 _aP151v, J4
100 _aPrabhod Bechar
_9503159
245 0 _aPrakrt bhasha.
260 _c1954
942 _hP151v, J4
_cTEXL
_2CC
999 _c821234
_d821234